Valencia CF Trivia - Statistics

General Stats
  • This quiz has been taken 156 times
    72 since last reset
  • The average score is 9 of 15
Answer Stats
Question Answer % Correct
What is the name of Valencia’s stadium? Estadio de Mestalla
97%
Which Valencia player won the UEFA Euro 2008 Golden Boot? David Villa
90%
What is Valencia’s nickname? Los {Che}
73%
Who is the current captain of Valencia? José Gayà
71%
With which club does Valencia contest the Derby de la Comunitat? Villarreal
71%
Between 2001 and 2004, which Valencia goalkeeper won three Zamora Trophies for the most clean sheets in La Liga? Santiago Cañizares
69%
Who is the current head coach of Valencia? Rubén Baraja
68%
Who is Valencia’s record signing, arriving from Paris Saint-German for £36m in 2018? Gonçalo Guedes
66%
Which manager guided Valencia to two La Liga titles and the UEFA Cup in the early 2000s? Rafael Benítez
64%
Who is Valencia’s record sale, joining Lazio for £43.2m in 2001? Gaizka Mendieta
56%
Who was the last Valencia player to win the Pichichi Trophy for the top scorer in La Liga, doing so in 1977 and 1978? Mario Kempes
49%
Which Spaniard is Valencia’s all-time record goalscorer with 238? Mundo
42%
Who was Valencia manager as they finished runners-up in two consecutive UEFA Champions League Finals? Héctor Cúper
34%
Which Spaniard holds the record for most Valencia appearances with 553? Fernando
29%
Who scored the winning penalty in the shootout as Valencia beat Arsenal to win the 1980 European Cup Winners’ Cup? Ricardo Arias
19%
No matching quizzes found
Score Distribution
Percent of People with Each Score
Percentile by Number Answered
Your Score History
You have not taken this quiz since the last reset